| 000 | 00326nam a22001337a 4500 | ||
|---|---|---|---|
| 020 | _qHB. | ||
| 040 | _cFIZZA ISHAQ | ||
| 082 |
_a624.1513 _bMIC |
||
| 100 |
_aRANDALL,MICHAEL. _990726 |
||
| 245 |
_aSOILS GENESIS AND GEOMORPHOLOGY / _cMICHEAL RANDALL. |
||
| 260 |
_aANDERSON ; _c2005. |
||
| 300 | _a278 P. ; | ||
| 942 |
_2ddc _cBK |
||
| 999 |
_c588946 _d588946 |
||